مكتبة جامعة عجلون الوطنية

فهرس بحث المكتبة

Normal view MARC view
  • ادارة الانتاج-ضبط الجودة

Entry Topical Term

Number of records used in: 1

001 - CONTROL NUMBER

  • control field: 43964

003 - CONTROL NUMBER IDENTIFIER

  • control field: JO-AjAnu

005 - DATE AND TIME OF LATEST TRANSACTION

  • control field: 20230606081301.0

008 - FIXED-LENGTH DATA ELEMENTS

  • fixed length control field: 230606|| aca||aabn | a|a d

040 ## - CATALOGING SOURCE

  • Original cataloging agency: JO-AjAnu
  • Transcribing agency: JO-AjAnu

150 ## - HEADING--TOPICAL TERM

  • Topical term or geographic name entry element: ادارة الانتاج-ضبط الجودة

670 ## - SOURCE DATA FOUND

  • Source citation: Work cat.: (JO-AjAnu)22510: سرحان، فتحي, author 43963, ادارة الجودة الشاملة:الاتجاهات العالمية الادارية الحديثة=Total Quality Management:New International Administrative Trends